Bổ trợ, nâng cao kiến thức Ngữ văn 10
Giúp tìm hiểu, học tập môn Ngữ văn 10 bằng cách cung cấp các gợi ý học và và gợi ý trả lời
Uloženo v:
| Hlavní autor: | |
|---|---|
| Médium: | Kniha |
| Jazyk: | Undetermined |
| Vydáno: |
Hà Nội
Giáo dục
2009
|
| Témata: | |
| Tagy: |
Přidat tag
Žádné tagy, Buďte první, kdo otaguje tento záznam!
|
| Thư viện lưu trữ: | Trung tâm Học liệu Trường Đại học Cần Thơ |
|---|
| LEADER | 00843nam a2200217Ia 4500 | ||
|---|---|---|---|
| 001 | CTU_197446 | ||
| 008 | 210402s9999 xx 000 0 und d | ||
| 020 | |c 21000 | ||
| 082 | |a 495.9220712 | ||
| 082 | |b Qu600/T.2 | ||
| 100 | |a Vũ, Dương Quỹ | ||
| 245 | 0 | |a Bổ trợ, nâng cao kiến thức Ngữ văn 10 | |
| 245 | 0 | |c Vũ Dương Quỹ (Chủ biên), Lê Bảo, Lê Đình Mai | |
| 260 | |a Hà Nội | ||
| 260 | |b Giáo dục | ||
| 260 | |c 2009 | ||
| 520 | |a Giúp tìm hiểu, học tập môn Ngữ văn 10 bằng cách cung cấp các gợi ý học và và gợi ý trả lời | ||
| 650 | |a Philology,Ngữ văn | ||
| 650 | |x Study and teaching (Secondary),Dạy và học (Trung học) | ||
| 904 | |i Hải | ||
| 980 | |a Trung tâm Học liệu Trường Đại học Cần Thơ | ||